Composition fc barcelone finale ligue des champions 2009 - Statistiques

Statistiques générales
  • Ce quiz a été pris 1 405 fois
  • Le résultat moyen est 10 sur 12
Statistiques - réponses
Numéro Joueur % Correct
10 Messi
99%
6 Xavi
98%
8 Iniesta
97%
5 (cap) Puyol
97%
3 Piqué
93%
1 Valdés
93%
9 Eto'o
92%
Entraîneur Guardiola
87%
14 Henry
84%
28 Busquets
82%
24 Touré
27%
16 Sylvinho
13%
Aucun quiz correspondant
Distribution des résultats
% des personnes avec chaque résultat
Percentile par nombre de réponses
Votre historique - résultats
Vous n’avez pas pris ce quiz